Mainline Mario Bosses Quiz - Statistics

General Stats
  • This quiz has been taken 101 times
    75 since last reset
  • The average score is 202 of 368
Answer Stats
Game Level Boss % Correct
Super Mario Sunshine Corona Mountain Bowser and Bowser Jr.
100%
New Super Mario Bros. 8-Castle 2 Bowser and Bowser Jr.
100%
Super Mario Bros. 8-4 Bowser
100%
Super Mario Bros.: The Lost Levels 8-4 Bowser
100%
Super Mario Bros. 3 8-Castle Bowser
100%
Super Mario World ______'s Castle Bowser
100%
Super Mario 64 Bowser in the Sky Bowser
100%
Super Mario Galaxy Bowser's Galaxy Reactor Bowser
100%
New Super Mario Bros. Wii 8-Castle Bowser
100%
Super Mario Galaxy 2 Bowser's Galaxy Generator Bowser
100%
Super Mario 3D Land 8-Castle 2 Bowser
100%
New Super Mario Bros. 2 6-Castle Bowser
100%
New Super Mario Bros. U Peach's Castle-Castle The Final Battle Bowser
100%
Super Mario Run 6-4 Bowser
100%
Super Mario Odyssey Moon Kingdom Bowser
100%
Super Mario 64 Bowser in the Dark World Bowser
100%
Super Mario 64 Bowser in the Fire Sea Bowser
100%
New Super Mario Bros. 1-Castle Bowser
100%
Super Mario Galaxy Bowser's Star Reactor Bowser
100%
Super Mario Galaxy Bowser's Dark Matter Plant Bowser
100%
Super Mario Galaxy 2 Bowser's Lava Lair Bowser
100%
Super Mario Galaxy 2 Bowser's Gravity Gauntlet Bowser
100%
Super Mario 3D Land 8-Castle 1 Bowser
100%
Super Mario 3D World 1-Castle _____'s Highway Showdown Bowser
100%
Super Mario 3D World Castle-Castle ______'s Lava Lake Keep Bowser
100%
Super Mario Run 1-4 Bowser
100%
Super Mario Run 3-4 Bowser
100%
Super Mario Run 5-4 Bowser
100%
Super Mario Odyssey Cloud Kingdom Bowser
100%
Super Mario Odyssey Mushroom Kingdom Bowser
100%
New Super Mario Bros. 1-Fortress Bowser Jr.
83%
New Super Mario Bros. 2-Fortress Bowser Jr.
83%
New Super Mario Bros. 3-Fortress Bowser Jr.
83%
New Super Mario Bros. 4-Fortress Bowser Jr.
83%
New Super Mario Bros. 5-Fortress Bowser Jr.
83%
New Super Mario Bros. 6-Fortress 1 Bowser Jr.
83%
New Super Mario Bros. 6-Fortress 2 Bowser Jr.
83%
New Super Mario Bros. 7-Fortress Bowser Jr.
83%
New Super Mario Bros. 8-Fortress 1 Bowser Jr.
83%
New Super Mario Bros. 8-Fortress 2 Bowser Jr.
83%
Super Mario Galaxy Bowser Jr's Airship Armada Bowser Jr.
83%
New Super Mario Bros. Wii 4-Airship Bowser Jr.
83%
New Super Mario Bros. Wii 6-Airship Bowser Jr.
83%
New Super Mario Bros. Wii 8-Airship Bowser Jr.
83%
New Super Mario Bros. U Soda Jungle-Airship The Mighty Cannonship Bowser Jr.
83%
New Super Mario Bros. U Meringue Clouds-Airship Boarding the Airship Bowser Jr.
83%
Super Mario Bros. Wonder Pipe-Rock Plateau Palace Bowser Jr.
83%
Super Mario Bros. Wonder Fluff-Puff Peaks Palace Bowser Jr.
83%
Super Mario Bros. Wonder Sunbaked Desert Palace Bowser Jr.
83%
Super Mario Bros. Wonder Deep Magma Bog Palace Bowser Jr.
83%
Super Mario Bros. 3 3-Airship Wendy O. Koopa
83%
Super Mario World #6 _____'s Castle Wendy O. Koopa
83%
New Super Mario Bros. Wii 4-Tower Wendy O. Koopa
83%
New Super Mario Bros. Wii 4-Castle Wendy O. Koopa
83%
New Super Mario Bros. 2 3-Castle Wendy O. Koopa
83%
New Super Mario Bros. U Frosted Glacier-Castle _____'s Shifting Castle Wendy O. Koopa
83%
Super Mario Bros. 3 4-Airship Iggy Koopa
80%
Super Mario World #1 ___'s Castle Iggy Koopa
80%
New Super Mario Bros. Wii 5-Tower Iggy Koopa
80%
New Super Mario Bros. Wii 5-Castle Iggy Koopa
80%
New Super Mario Bros. 2 2-Castle Iggy Koopa
80%
New Super Mario Bros. U Soda Jungle-Castle ___'s Volcanic Castle Iggy Koopa
80%
Super Mario Bros. 3 1-Airship Larry Koopa
80%
Super Mario World #7 ____'s Castle Larry Koopa
80%
New Super Mario Bros. Wii 1-Tower Larry Koopa
80%
New Super Mario Bros. Wii 1-Castle Larry Koopa
80%
New Super Mario Bros. 2 Mushroom-Castle Larry Koopa
80%
New Super Mario Bros. U Sparkling Waters-Castle ____'s Torpedo Castle Larry Koopa
80%
Super Mario Bros. 3 6-Airship Lemmy Koopa
80%
Super Mario World #3 _____'s Castle Lemmy Koopa
80%
New Super Mario Bros. Wii 3-Tower Lemmy Koopa
80%
New Super Mario Bros. Wii 3-Castle Lemmy Koopa
80%
New Super Mario Bros. 2 Flower-Castle Lemmy Koopa
80%
New Super Mario Bros. U Acorn Plains-Castle _____'s Swingback Castle Lemmy Koopa
80%
Super Mario Bros. 3 7-Airship Ludwig von Koopa
80%
Super Mario World #4 _____'s Castle Ludwig von Koopa
80%
New Super Mario Bros. Wii 7-Tower Ludwig von Koopa
80%
New Super Mario Bros. Wii 7-Castle Ludwig von Koopa
80%
New Super Mario Bros. 2 5-Castle Ludwig von Koopa
80%
New Super Mario Bros. U Meringue Clouds-Castle ____'s Clockwork Castle Ludwig von Koopa
80%
Super Mario Bros. 3 2-Airship Morton Koopa Jr.
80%
Super Mario World #2 _____'s Castle Morton Koopa Jr.
80%
New Super Mario Bros. Wii 6-Tower Morton Koopa Jr.
80%
New Super Mario Bros. Wii 6-Castle Morton Koopa Jr.
80%
New Super Mario Bros. 2 4-Castle Morton Koopa Jr.
80%
New Super Mario Bros. U Layer Cake Desert-Castle _____'s Compactor Castle Morton Koopa Jr.
80%
Super Mario Bros. 3 1-Fortress Boom Boom
76%
Super Mario Bros. 3 2-Fortress Boom Boom
76%
Super Mario Bros. 3 3-Fortress 1 Boom Boom
76%
Super Mario Bros. 3 3-Fortress 2 Boom Boom
76%
Super Mario Bros. 3 4-Fortress 1 Boom Boom
76%
Super Mario Bros. 3 4-Fortress 2 Boom Boom
76%
Super Mario Bros. 3 5-Fortress 1 Boom Boom
76%
Super Mario Bros. 3 5-Fortress 2 Boom Boom
76%
Super Mario Bros. 3 6-Fortress 1 Boom Boom
76%
Super Mario Bros. 3 6-Fortress 2 Boom Boom
76%
Super Mario Bros. 3 6-Fortress 3 Boom Boom
76%
Super Mario Bros. 3 7-Fortress 1 Boom Boom
76%
Super Mario Bros. 3 7-Fortress 2 Boom Boom
76%
Super Mario Bros. 3 8-Battleship Boom Boom
76%
Super Mario Bros. 3 8-Airship Boom Boom
76%
Super Mario Bros. 3 8-Fortress Boom Boom
76%
Super Mario Bros. 3 8-Tank Boom Boom
76%
Super Mario 3D Land 2-Airship Boom Boom
76%
Super Mario 3D Land 3-Airship Boom Boom
76%
Super Mario 3D Land S4-Airship Boom Boom
76%
Super Mario 3D Land S6-Airship Boom Boom
76%
New Super Mario Bros. U Acorn Plains-Tower Crushing-Cogs Tower Boom Boom
76%
New Super Mario Bros. U Layer Cake Desert-Tower Stoneslide Tower Boom Boom
76%
New Super Mario Bros. U Sparkling Waters-Tower Giant Skewer Tower Boom Boom
76%
New Super Mario Bros. U Frosted Glacier-Tower Freezing Rain Tower Boom Boom
76%
New Super Mario Bros. U Soda Jungle-Tower Snake Block Tower Boom Boom
76%
New Super Mario Bros. U Rock-Candy Mines-Tower 1 Grinding-Stone Tower Boom Boom
76%
Super Mario 3D World 2-Tank Bowser's Bullet Bill Brigade Boom Boom
76%
Super Mario 3D World 6-Tank Bowser's Bob-omb Brigade Boom Boom
76%
Super Mario 3D World Flower-12 Boss Blitz Boom Boom
76%
Super Mario Run 2-4 Boom Boom
76%
Super Mario Run 4-4 Boom Boom
76%
Super Mario Run 6-3 Boom Boom
76%
Super Mario Bros. 1-4 Fake Bowser
76%
Super Mario Bros. 2-4 Fake Bowser
76%
Super Mario Bros. 3-4 Fake Bowser
76%
Super Mario Bros. 4-4 Fake Bowser
76%
Super Mario Bros. 5-4 Fake Bowser
76%
Super Mario Bros. 6-4 Fake Bowser
76%
Super Mario Bros. 7-4 Fake Bowser
76%
Super Mario Bros.: The Lost Levels 1-4 Fake Bowser
76%
Super Mario Bros.: The Lost Levels 2-4 Fake Bowser
76%
Super Mario Bros.: The Lost Levels 3-4 Fake Bowser
76%
Super Mario Bros.: The Lost Levels 4-4 Fake Bowser
76%
Super Mario Bros.: The Lost Levels 5-4 Fake Bowser
76%
Super Mario Bros.: The Lost Levels 6-4 Fake Bowser
76%
Super Mario Bros.: The Lost Levels 7-4 Fake Bowser
76%
Super Mario Bros.: The Lost Levels A-4 Fake Bowser
76%
Super Mario Bros.: The Lost Levels B-4 Fake Bowser
76%
Super Mario Bros.: The Lost Levels C-4 Fake Bowser
76%
Super Mario Bros.: The Lost Levels D-4 Fake Bowser
76%
Super Mario 3D Land 1-Castle Fake Bowser
76%
Super Mario 3D Land 5-Castle Fake Bowser
76%
Super Mario Bros. 3 5-Airship Roy Koopa
76%
Super Mario World #5 ___'s Castle Roy Koopa
76%
New Super Mario Bros. Wii 2-Tower Roy Koopa
76%
New Super Mario Bros. Wii 2-Castle Roy Koopa
76%
New Super Mario Bros. 2 1-Castle Roy Koopa
76%
New Super Mario Bros. U Rock-Candy Mines-Castle ___'s Conveyor Castle Roy Koopa
76%
Super Mario 64 Bob-omb Battlefield Big Bob-omb
73%
Super Mario Sunshine Bianco Hills Petey Piranha
73%
Super Mario Sunshine Bianco Hills Petey Piranha
73%
New Super Mario Bros. 5-Castle Petey Piranha
73%
Super Mario 3D Land 4-Airship Pom Pom
73%
Super Mario 3D Land 6-Airship Pom Pom
73%
Super Mario 3D Land S4-Airship Pom Pom
73%
Super Mario 3D World 3-Train The Bullet Bill Express Pom Pom
73%
Super Mario 3D World Bowser-Train The Bowser Express Pom Pom
73%
Super Mario 3D World Flower-12 Boss Blitz Pom Pom
73%
Super Mario 64 Big Boo's Haunt Big Boo
66%
Super Mario 64 Big Boo's Haunt Big Boo
66%
Super Mario 64 Big Boo's Haunt Big Boo
66%
Super Mario Land 2: 6 Golden Coins Tree Zone Bird
66%
Super Mario World Donut Secret House The Big Boo
66%
Super Mario Bros. 2 7-2 Wart
63%
Super Mario Sunshine Sirena Beach King Boo
63%
Super Mario Bros. Wonder Light-Switch Mansion King Boo
63%
Super Mario Bros. Wonder The Final Battle! Bowser's Rage Stage King Boo
63%
Super Mario 64 Whomp's Fortress Whomp King
63%
Super Mario Galaxy 2 Throwback Galaxy Whomp King
63%
Super Mario Bros. 2 1-1 Birdo
61%
Super Mario Bros. 2 1-2 Birdo
61%
Super Mario Bros. 2 2-1 Birdo
61%
Super Mario Bros. 2 2-2 Birdo
61%
Super Mario Bros. 2 3-1 Birdo
61%
Super Mario Bros. 2 3-2 Birdo
61%
Super Mario Bros. 2 4-2 Birdo
61%
Super Mario Bros. 2 5-1 Birdo
61%
Super Mario Bros. 2 5-2 Birdo
61%
Super Mario Bros. 2 5-3 Birdo
61%
Super Mario Bros. 2 6-1 Birdo
61%
Super Mario Bros. 2 6-2 Birdo
61%
Super Mario Bros. 2 6-3 Birdo
61%
Super Mario Bros. 2 7-1 Birdo
61%
Super Mario Bros. 2 7-2 Birdo
61%
New Super Mario Bros. Wii 8-Tower Kamek
61%
New Super Mario Bros. U Meringue Clouds-Tower Slide Lift Tower Kamek
61%
Super Mario 64 Tiny Huge Island Wiggler
61%
Super Mario Sunshine Gelato Beach Wiggler
61%
Super Mario Land 2: 6 Golden Coins Mario's Castle Wario
56%
Super Mario Bros. 2 1-3 Mouser
56%
Super Mario Bros. 2 3-3 Mouser
56%
Super Mario Odyssey Lake Kingdom Rango
56%
Super Mario Odyssey Snow Kingdom Rango
56%
Super Mario Odyssey Dark Side Rango
56%
Super Mario 3D World + Bowser's Fury Wasteland Giga Bell Fury Bowser
54%
Super Mario 3D World Bowser-Castle The Great Tower of Bowser Land Meowser
54%
Super Mario 3D World + Bowser's Fury Lakeside Giga Bell Fury Bowser
54%
Super Mario 3D World + Bowser's Fury Ruins Giga Bell Fury Bowser
54%
Super Mario Odyssey Sand Kingdom Hariet
54%
Super Mario Odyssey Bowser's Kingdom Hariet
54%
Super Mario Odyssey Dark Side Hariet
54%
Super Mario Odyssey Wooded Kingdom Spewart
54%
Super Mario Odyssey Luncheon Kingdom Spewart
54%
Super Mario Odyssey Dark Side Spewart
54%
Super Mario Odyssey Cap Kingdom Topper
54%
Super Mario Odyssey Bowser's Kingdom Topper
54%
Super Mario Odyssey Dark Side Topper
54%
Super Mario 64 Lethal Lava Land Big Bully
51%
Super Mario 64 Lethal Lava Land Big Bully
51%
Super Mario Galaxy Good Egg Galaxy Dino Piranha
51%
Super Mario Galaxy 2 Boss Blitz Galaxy Dino Piranha
51%
New Super Mario Bros. 8-Castle 1 Dry Bowser
51%
Super Mario 3D Land S1-Castle Dry Bowser
51%
Super Mario 3D Land S5-Castle Dry Bowser
51%
Super Mario 3D Land S8-Castle Dry Bowser
51%
New Super Mario Bros. 2 Star-Castle Dry Bowser
51%
Super Mario World 2: Yoshi's Island 6-8 King Bowser's Castle Baby Bowser
49%
Super Mario 3D World 3-B A Banquet with ________ Hisstocrat
49%
Super Mario Odyssey Metro Kingdom Mechawiggler
46%
Super Mario Odyssey Mushroom Kingdom Mechawiggler
46%
Super Mario Land 4-3 Tatanga
44%
Super Mario Sunshine Pinna Park Mecha Bowser
44%
Super Mario Sunshine Delfino Plaza Shadow Mario
44%
Super Mario Land 2: 6 Golden Coins Space Zone Tatanga
44%
Super Mario Odyssey Luncheon Kingdom Cookatiel
41%
Super Mario Odyssey Mushroom Kingdom Cookatiel
41%
Super Mario Odyssey Sand Kingdom Knucklotec
41%
Super Mario Odyssey Mushroom Kingdom Knucklotec
41%
Super Mario Odyssey Cascade Kingdom Madame Broode
41%
Super Mario Odyssey Moon Kingdom Madame Broode
41%
Super Mario Odyssey Bowser's Kingdom Mecha Broodal
41%
Super Mario Odyssey Dark Side Mecha Broodal
41%
Super Mario World Vanilla Fortress Reznor
41%
Super Mario World Forest Fortress Reznor
41%
Super Mario World Chocolate Fortress Reznor
41%
Super Mario World Valley Fortress Reznor
41%
New Super Mario Bros. 2 1-Fortress Reznor
41%
New Super Mario Bros. 2 2-Fortress Reznor
41%
New Super Mario Bros. 2 3-Fortress Reznor
41%
New Super Mario Bros. 2 4-Fortress Reznor
41%
New Super Mario Bros. 2 5-Fortress Reznor
41%
New Super Mario Bros. 2 6-Fortress Reznor
41%
Super Mario Galaxy Good Egg Galaxy King Kaliente
39%
Super Mario Galaxy Bowser Jr's Lava Reactor King Kaliente
39%
Super Mario Galaxy 2 Boss Blitz Galaxy King Kaliente
39%
Super Mario Odyssey Ruined Kingdom Ruined Dragon
39%
Super Mario Odyssey Mushroom Kingdom Ruined Dragon
39%
Super Mario Galaxy Ghostly Galaxy Bouldergeist
37%
Super Mario Galaxy 2 Boss Blitz Galaxy Bouldergeist
37%
Super Mario Bros.: The Lost Levels 8-4 Bowser's Brother
37%
Super Mario Bros.: The Lost Levels 9-3 Bowser's Brother
37%
Super Mario Bros.: The Lost Levels D-4 Bowser's Brother
37%
Super Mario 64 Shifting Sand Land Eyerock
37%
Super Mario Galaxy Melty Molten Galaxy Fiery Dino Piranha
34%
Super Mario Galaxy 2 Boss Blitz Galaxy Fiery Dino Piranha
34%
Super Mario Bros. 2 4-3 Fryguy
34%
Super Mario 3D World 6-A _____ ____ Blockade Prince Bully
34%
Super Mario 3D World Castle-B ______ ____ Blockade is Back Prince Bully
34%
Super Mario Galaxy 2 Spin-Dig Galaxy Digga Leg
32%
Super Mario Galaxy 2 Bowser Jr's Fiery Flotilla Gobblegut
32%
Super Mario 3D World 6-C ______ _______'s Big Battle Motley Bossblob
32%
Super Mario 3D World Bowser-A ______ _______'s Encore Motley Bossblob
32%
Super Mario 3D World Flower-12 Boss Blitz Motley Bossblob
32%
Super Mario Galaxy 2 Sky Station Galaxy Peewee Piranha
32%
Super Mario 64 Snowman's Land Chill Bully
29%
Super Mario Bros. 2 5-3 Clawgrip
29%
Super Mario Sunshine Ricco Harbor Gooper Blooper
29%
Super Mario Sunshine Ricco Harbor Gooper Blooper
29%
Super Mario Sunshine Noki Bay Gooper Blooper
29%
Super Mario 3D World 5-Castle ____ __-_____'s Castle King Ka-Thunk
29%
Super Mario 3D World Flower-12 Boss Blitz King Ka-Thunk
29%
Super Mario Galaxy Gusty Garden Galaxy Major Burrows
29%
Super Mario Galaxy 2 Boss Blitz Galaxy Major Burrows
29%
Super Mario Galaxy Bowser Jr's Robot Reactor Megaleg
29%
New Super Mario Bros. U Rock-Candy Mines-Tower 2 Screwtop Tower Sumo Bro
29%
Super Mario Galaxy Freezeflame Galaxy Baron Brrr
27%
New Super Mario Bros. Wii 8-Castle Giant Bowser
27%
New Super Mario Bros. 2 6-Castle Giant Bowser
27%
New Super Mario Bros. U Peach's Castle-Castle The Final Battle Giant Bowser
27%
Super Mario 3D World + Bowser's Fury Wasteland Giga Bell Giant Bowser
27%
Super Mario 3D World + Bowser's Fury Wasteland Giga Bell Giant Bowser
27%
Super Mario Galaxy Honeyhive Galaxy Bugaboom
27%
Super Mario Galaxy 2 Puzzle Plank Galaxy Bugaboom
27%
Super Mario Odyssey Metro Kingdom Donkey Kong
27%
Super Mario Galaxy 2 Yoshi Star Galaxy King Lakitu
27%
New Super Mario Bros. 7-Castle Lakithunder
27%
New Super Mario Bros. 4-Castle Mega Goomba
27%
Super Mario Sunshine Pinna Park Monty Mole
27%
Super Mario Sunshine Noki Bay Monty Mole
27%
Super Mario Sunshine Sirena Beach Phantamanta
27%
Super Mario Galaxy 2 Shiverburn Galaxy Prince Pikante
27%
Super Mario Galaxy 2 Freezy Flake Galaxy Sorbetti
27%
Super Mario Galaxy Space Junk Galaxy Tarantox
27%
Super Mario Galaxy Battlerock Galaxy Topmaniac
27%
Super Mario Galaxy Dreadnaught Galaxy Topmaniac
27%
Super Mario Bros. 2 2-3 Tryclyde
27%
Super Mario Bros. 2 6-3 Tryclyde
27%
Super Mario Bros. Wonder The Final Battle! Bowser's Rage Stage Castle Bowser
24%
Super Mario 3D World 4-Castle Lava Rock Lair Boss Brolder
24%
Super Mario 3D World Castle-A ______ Blockade is Back Boss Brolder
24%
Super Mario 3D World Flower-12 Boss Blitz Boss Brolder
24%
Super Mario Galaxy 2 Bowser Jr's Boom Bunker Bowser Jr's Boomsday Machine
24%
Super Mario World 2: Yoshi's Island 1-4 ____ the _____'s Fort Burt the Bashful
24%
Super Mario 3D World + Bowser's Fury Clawswipe Colosseum Cat Boom Boom
24%
Super Mario 3D World + Bowser's Fury Clawswipe Colosseum Cat Boom Boom
24%
Super Mario 3D World + Bowser's Fury Clawswipe Colosseum Cat Pom Pom
24%
Super Mario Galaxy 2 Battle Belt Galaxy Fiery Gobblegut
24%
Super Mario Galaxy Space Junk Galaxy Kamella
24%
Super Mario Galaxy Deep Dark Galaxy Kamella
24%
Super Mario Galaxy Bonefin Galaxy Kingfin
24%
Super Mario Galaxy 2 Bowser Jr's Fearsome Fleet Megahammer
24%
Super Mario Galaxy 2 Boulder Bowl Galaxy Rollodillo
24%
Super Mario Galaxy 2 Slipsand Galaxy Squizzard
24%
Super Mario World 2: Yoshi's Island 6-8 King Bowser's Castle Big Baby Bowser
22%
Super Mario 64 Big Boo's Haunt Big Mr. I
22%
Super Mario 3D Land 7-Airship Boom Boom and Pom Pom
22%
Super Mario 3D Land S8-Crown Boom Boom and Pom Pom
22%
Super Mario Galaxy 2 Flipsville Galaxy Glamdozer
22%
Super Mario Odyssey Seaside Kingdom Mollusque-Lanceur
22%
Super Mario Odyssey Mushroom Kingdom Mollusque-Lanceur
22%
New Super Mario Bros. 6-Castle Monty Tank
22%
New Super Mario Bros. 2-Castle Mummipokey
22%
Super Mario Odyssey Wooded Kingdom Torkdrift
22%
Super Mario Odyssey Mushroom Kingdom Torkdrift
22%
Super Mario Bros. Wonder Leaping Smackerel Wonder Haiden
22%
Super Mario Sunshine Delfino Airstrip Polluted Piranha
20%
Super Mario Sunshine Delfino Plaza Polluted Piranha
20%
Super Mario Sunshine Bianco Hills Polluted Piranha
20%
Super Mario Sunshine Delfino Plaza Polluted Piranha
20%
Super Mario Sunshine Delfino Plaza Polluted Piranha
20%
Super Mario World 2: Yoshi's Island 5-8 _______ the _____'s Castle Raphael the Raven
20%
Super Mario Galaxy Gold Leaf Galaxy Undergrunt Gunner
20%
Super Mario Galaxy Toy Time Galaxy Undergrunt Gunner
20%
Super Mario Galaxy Deep Dark Galaxy Undergrunt Gunner
20%
Super Mario 3D World + Bowser's Fury Mount Magmeow Cat Prince Bully
17%
New Super Mario Bros. 3-Castle Cheepskipper
17%
Super Mario Bros. Wonder Color-Switch Dungeon Dark Mario
17%
Super Mario Bros. 2 7-2 Mask Gate
17%
Super Mario World 2: Yoshi's Island 3-8 _____ _____'s Castle Naval Piranha
17%
Super Mario 3D World Bowser-B ________ Returns Queen Hisstocrat
17%
Super Mario Land 2: 6 Golden Coins Pumpkin Zone Witch
17%
Super Mario World 2: Yoshi's Island 2-4 The _____ ___'s Fort Bigger Boo
15%
Super Mario Land 4-3 Biokinton
15%
Super Mario Sunshine Noki Bay Eely Mouth
15%
Super Mario World 2: Yoshi's Island 4-8 ______ the ____'s Castle Hookbill the Koopa
15%
Super Mario Galaxy Honeyhive Galaxy Mandibug Stack
15%
Super Mario Galaxy 2 Puzzle Plank Galaxy Mandibug Stack
15%
Super Mario World 2: Yoshi's Island 3-4 _____ _____'s Fort Prince Froggy
15%
Super Mario Bros. Wonder Secrets of Shova Mansion Bowser Statue
12%
Super Mario 3D World + Bowser's Fury Scamper Shores Fury Shadow
12%
Super Mario 3D World + Bowser's Fury Crisp Climb Castle Fury Shadow
12%
Super Mario 3D World + Bowser's Fury Risky Whisker Island Fury Shadow
12%
Super Mario 3D World + Bowser's Fury Fur Step Island Fury Shadow
12%
Super Mario Land 1-3 King Totomesu
12%
Super Mario World 2: Yoshi's Island 4-4 _______ ____'s Fort Marching Milde
12%
Super Mario World 2: Yoshi's Island 2-8 The ____ ____'s Castle Potted Ghost
12%
Super Mario World 2: Yoshi's Island 1-8 ____ the _____'s Castle Salvo the Slime
12%
Super Mario World 2: Yoshi's Island 5-4 _____ the ________'s Fort Sluggy the Unshaven
12%
Super Mario World 2: Yoshi's Island 6-4 ___-___ the ___ ____'s Fort Tap-Tap the Red Nose
12%
Super Mario Land 2-3 Dragonzamasu
10%
New Super Mario Bros. 2 Star-Castle Giant Dry Bowser
10%
Super Mario Land 3-3 Hiyoihoi
10%
Super Mario Land 2: 6 Golden Coins Turtle Zone Octopus
10%
Super Mario Land 2: 6 Golden Coins Macro Zone Sewer Rat
10%
Super Mario Land 2: 6 Golden Coins Mario Zone Three Little Pigheads
10%
Super Mario 3D World + Bowser's Fury Wasteland Giga Bell Silver Fury Bowser
7%
Super Mario 3D World Flower-12 Boss Blitz Hisstocrat and Queen Hisstocrat
7%
Super Mario Bros. Wonder Wavy Ride Through the Magma Tube Spike Statue
7%
Super Mario Bros. Wonder Fluff-Puff Peaks Flying Battleship Bowser Generator
5%
Super Mario Bros. Wonder Petal Isles Flying Battleship Bowser Generator
5%
Super Mario Bros. Wonder Deep Magma Bog Flying Battleship Bowser Generator
5%
No matching quizzes found
Score Distribution
Percent of People with Each Score
Percentile by Number Answered
Your Score History
You have not taken this quiz since the last reset